|
|
|
|
| LEADER |
00000nam0a2200000 4500 |
| 001 |
156650 |
| 005 |
20231031153310.0 |
| 035 |
|
|
|a (RuTPU)RU\TPU\book\169895
|
| 090 |
|
|
|a 156650
|
| 100 |
|
|
|a 20090330d1975 km y0rusy50 ca
|
| 101 |
0 |
|
|a rus
|
| 102 |
|
|
|a RU
|
| 105 |
|
|
|a a z 001zy
|
| 200 |
1 |
|
|a История механики гироскопических систем
|e [сборник статей]
|f Академия наук СССР (АН СССР), Институт истории естествознания и техники (ИИЕТ АН СССР)
|
| 210 |
|
|
|a Москва
|c Наука
|d 1975
|
| 215 |
|
|
|a 127 с.
|c ил.
|
| 320 |
|
|
|a Библиография в конце статей
|
| 610 |
1 |
|
|a история
|
| 610 |
1 |
|
|a механика
|
| 610 |
1 |
|
|a гироскопы
|
| 610 |
1 |
|
|a гироскопические системы
|
| 610 |
1 |
|
|a изучение
|
| 610 |
1 |
|
|a сборники
|
| 675 |
|
|
|a 531.383(09)
|v 3
|
| 712 |
0 |
2 |
|a Академия наук СССР (АН СССР)
|b Институт истории естествознания и техники (ИИЕТ АН СССР)
|c (Москва)
|2 stltpush
|3 (RuTPU)RU\TPU\col\8662
|
| 801 |
|
1 |
|a RU
|b 63413507
|c 20090330
|g PSBO
|
| 801 |
|
2 |
|a RU
|b 63413507
|c 20151214
|g PSBO
|
| 942 |
|
|
|c BK
|